[Event "13sen.WMH 2003 Senioren"]
[Site "Bad Zwischenahn(17.11.-29.11.2003)"]
[Date "2003.??.??"]
[Round "9.32"]
[White "Villing, Dieter"]
[Black "Korn, Juergen-Christof"]
[Result "1-0"]
[WhiteElo "2170"]
[BlackElo "1979"]
[PlyCount "49"]


1. e4 c5 2. f4 d5 3. exd5 Nf6 4. Bb5+ Bd7 5. Bxd7+ Qxd7 6. c4 e6 7. Qe2 Bd6 8.
d3 O-O 9. dxe6 fxe6 10. Nf3 Nc6 11. O-O Rae8 12. Nc3 e5 13. f5 Nd4 14. Qd1 Nxf5
15. Ne4 Nd4 16. Nxd4 Nxe4 17. Nb5 Rxf1+ 18. Qxf1 Nf6 19. Bg5 a6 20. Nc3 Rf8 21.
Qe2 Be7 22. Rf1 Qd4+ 23. Be3 Qh4 24. h3 Qg3 25. Qf3 1-0

[Event "13sen.WMH 2003 Senioren"]
[Site "Bad Zwischenahn(17.11.-29.11.2003)"]
[Date "2003.??.??"]
[Round "9.33"]
[White "Kuehn, Peter[38NBrandb]"]
[Black "Viner, Phillip"]
[Result "1/2-1/2"]
[WhiteElo "1882"]
[BlackElo "2127"]
[PlyCount "89"]


1. e4 e6 2. d4 d5 3. Nd2 Be7 4. Ngf3 Nf6 5. Bd3 c5 6. e5 Nfd7 7. c3 Nc6 8. O-O
Qb6 9. dxc5 Nxc5 10. Bc2 Qc7 11. Qe2 b6 12. b4 Nd7 13. Ba4 a6 14. Re1 Bb7 15.
Bb2 b5 16. Bd1 Nb6 17. a4 Nc4 18. Nxc4 dxc4 19. axb5 axb5 20. Rxa8+ Bxa8 21.
Bc2 h6 22. Bc1 Bb7 23. Bf4 g5 24. Bg3 h5 25. h4 gxh4 26. Nxh4 Qb6 27. Kh2 Bd8
28. f4 Bxh4 29. Bxh4 Ne7 30. Be4 Rg8 31. Rd1 Bxe4 32. Qxe4 Nd5 33. Rd2 Rg4 34.
g3 Rg6 35. Qf3 Rg4 36. Bg5 Kd7 37. Qe4 Kc8 38. Rd4 Qa7 39. Rd2 Qa1 40. Qd4 Kb7
41. Qc5 Qxc3 42. Qxb5+ Kc7 43. Qc5+ Kb7 44. Qb5+ Kc7 45. Qc5+ 1/2-1/2

[Event "13sen.WMH 2003 Senioren"]
[Site "Bad Zwischenahn(17.11.-29.11.2003)"]
[Date "2003.11.29"]
[Round "9.34"]
[White "Kock, Hans-Uwe"]
[Black "Szymaniak, Horst"]
[Result "0-1"]
[WhiteElo "2090"]
[BlackElo "2007"]
[PlyCount "112"]


1. d4 Nf6 2. c4 e6 3. Nf3 b6 4. g3 Ba6 5. Nbd2 Bb4 6. a3 Bxd2+ 7. Nxd2 Bb7 8.
f3 h5 9. e4 Qe7 10. Qe2 e5 11. d5 d6 12. Bh3 a5 13. b3 Na6 14. Nf1 Nc5 15. Rb1
a4 16. b4 Nb3 17. Be3 Nh7 18. Nd2 Ng5 19. Bg2 Nxd2 20. Qxd2 f6 21. h4 Nf7 22.
c5 dxc5 23. bxc5 Ba6 24. Qb4 b5 25. Bh3 O-O 26. Bf5 Nh8 27. g4 hxg4 28. fxg4 g6
29. Be6+ Kg7 30. Qc3 Bc8 31. Bxc8 Raxc8 32. c6 Nf7 33. Rxb5 Nd6 34. Rb4 Ra8 35.
Bc5 f5 36. gxf5 gxf5 37. exf5 Rxf5 38. Qg3+ Kh8 39. Qg6 Rf6 40. Qh5+ Qh7 41.
Qxh7+ Kxh7 42. Rf1 Ne8 43. Re4 Ra5 44. Rc4 Rxf1+ 45. Kxf1 Kg6 46. Ke2 Rb5 47.
Kd3 Kf5 48. Rc1 Nd6 49. Rc3 Ne4 50. d6 Rxc5 51. Rxc5 Nxc5+ 52. Kc4 Ne6 53. Kd5
e4 54. dxc7 Nxc7+ 55. Kd4 Kf4 56. Kc5 e3 0-1

[Event "13sen.WMH 2003 Senioren"]
[Site "Bad Zwischenahn(17.11.-29.11.2003)"]
[Date "2003.??.??"]
[Round "9.35"]
[White "Kristiansen, Erling"]
[Black "Klein, Leo"]
[Result "1-0"]
[WhiteElo "2211"]
[BlackElo "1956"]
[PlyCount "45"]


1. e4 d5 2. exd5 Qxd5 3. Nc3 Qa5 4. Bc4 Bf5 5. Nf3 e6 6. O-O Nf6 7. d4 c6 8.
Re1 Be7 9. Ne5 Nbd7 10. Bd2 Qb6 11. Nxd7 Nxd7 12. d5 cxd5 13. Bxd5 O-O 14. Bb3
Rfd8 15. Qf3 Nc5 16. Nd5 Rxd5 17. Bxd5 Rd8 18. b4 Rxd5 19. bxc5 Qxc5 20. Be3
Qc4 21. Bxa7 Bf6 22. c3 h6 23. Bd4 1-0

[Event "13sen.WMH 2003 Senioren"]
[Site "Bad Zwischenahn(17.11.-29.11.2003)"]
[Date "2003.??.??"]
[Round "9.36"]
[White "Kanko, Ilkka"]
[Black "Titz, Herbert"]
[Result "1-0"]
[WhiteElo "2264"]
[BlackElo "1949"]
[PlyCount "32"]


1. d4 Nf6 2. c4 c5 3. d5 b5 4. Nf3 g6 5. cxb5 a6 6. d6 axb5 7. Nc3 Qb6 8. Bg5
Bb7 9. e3 Bc6 10. Qb3 h6 11. Ne5 Rh7 12. Bxf6 exf6 13. Ng4 Bg7 14. e4 Na6 15.
Bxb5 Rb8 16. Bxa6 Qxa6 1-0

[Event "13sen.WMH 2003 Senioren"]
[Site "Bad Zwischenahn(17.11.-29.11.2003)"]
[Date "2003.??.??"]
[Round "9.37"]
[White "Nietsch, Horst"]
[Black "Klein, Manfred[40Siegb]"]
[Result "0-1"]
[WhiteElo "1987"]
[BlackElo "2137"]
[PlyCount "120"]


1. Nf3 Nf6 2. c4 g6 3. b3 Bg7 4. Bb2 O-O 5. e3 d6 6. d4 Nbd7 7. Be2 e5 8. O-O
e4 9. Nfd2 Re8 10. Nc3 Nf8 11. Qc2 Bf5 12. d5 a6 13. Rae1 h5 14. Bd1 N8h7 15.
Ne2 Ng5 16. Nd4 Bg4 17. f3 exf3 18. N2xf3 Nxf3+ 19. Bxf3 Qe7 20. h3 Bxf3 21.
Rxf3 Nd7 22. Ref1 Ne5 23. R3f2 Bh6 24. Bc1 Rf8 25. e4 Bg7 26. Bb2 Rae8 27. Kh1
Nd7 28. Re2 Qg5 29. Nf3 Qe7 30. Bxg7 Kxg7 31. Rfe1 Ne5 32. Qc3 Kg8 33. Nxe5
Qxe5 34. Qe3 b6 35. Qh6 a5 36. Re3 Re7 37. g4 hxg4 38. hxg4 Rfe8 39. Rh3 Qg7
40. Qxg7+ Kxg7 41. Rhe3 Kf6 42. Kg2 Kg5 43. Kg3 f6 44. R3e2 Rh8 45. Rg2 Reh7
46. Reg1 Rh3+ 47. Kf2 R8h4 48. Ke2 Rc3 49. Kd2 Rf3 50. Re2 Rhh3 51. Rgg2 Kf4
52. g5 fxg5 53. Re1 g4 54. Ree2 g3 55. Kc2 Rh1 56. a3 Rhf1 57. b4 R3f2 58. Kb3
Kf3 59. Rexf2+ Rxf2 60. Rg1 g2 0-1

[Event "13sen.WMH 2003 Senioren"]
[Site "Bad Zwischenahn(17.11.-29.11.2003)"]
[Date "2003.??.??"]
[Round "9.38"]
[White "Hamm, Georg,Dr."]
[Black "Rychlik, Kurt"]
[Result "1-0"]
[WhiteElo "2025"]
[BlackElo "1868"]
[PlyCount "73"]


1. g3 c5 2. Bg2 Nc6 3. b3 d5 4. Bb2 e6 5. Nf3 Nf6 6. O-O Bd6 7. d3 O-O 8. Nbd2
e5 9. e4 d4 10. Nc4 Bc7 11. a4 h6 12. Qe2 Bg4 13. h3 Be6 14. Kh2 Qd7 15. Ba3 b6
16. Bc1 g5 17. Ng1 Kh7 18. Kh1 Ng8 19. f4 f6 20. Bd2 a5 21. Rf2 Qg7 22. Raf1
Nge7 23. Qh5 Bf7 24. Qg4 Rad8 25. fxg5 fxg5 26. h4 gxh4 27. Qxh4 Ng6 28. Qxh6+
Qxh6+ 29. Bxh6 Kxh6 30. Rxf7 Rxf7 31. Rxf7 Nge7 32. Bh3 Kg6 33. Rf2 Ng8 34. Nf3
Nf6 35. Kg2 Rg8 36. Be6 Rg7 37. Nh4+ 1-0

[Event "13sen.WMH 2003 Senioren"]
[Site "Bad Zwischenahn(17.11.-29.11.2003)"]
[Date "2003.??.??"]
[Round "9.39"]
[White "Waisberg, Arnold"]
[Black "Ziltener, Werner"]
[Result "1-0"]
[WhiteElo "2014"]
[BlackElo "1967"]
[PlyCount "77"]


1. e4 e5 2. Bc4 Nf6 3. d3 c6 4. Nf3 d5 5. Bb3 Bd6 6. exd5 cxd5 7. O-O O-O 8.
Bg5 Be6 9. Re1 Nc6 10. Nc3 Qa5 11. Qd2 d4 12. Bxf6 gxf6 13. Nd5 Qxd2 14. Nxd2
Bxd5 15. Bxd5 Bb4 16. Re2 Bxd2 17. Rxd2 Rac8 18. a3 Rc7 19. Re1 Rfc8 20. Ree2
Ne7 21. Bf3 b5 22. Kf1 a5 23. Ke1 Rc5 24. Kd1 R8c7 25. Kc1 Nc8 26. b3 Nb6 27.
Kb2 Nd7 28. Bg4 Nf8 29. Bf5 Ne6 30. Be4 Nf4 31. Re1 Nd5 32. Bxd5 Rxd5 33. f4
Re7 34. g4 h6 35. Re4 Rc5 36. Rde2 Rec7 37. fxe5 fxe5 38. Rxe5 Rxe5 39. Rxe5
1-0

[Event "13sen.WMH 2003 Senioren"]
[Site "Bad Zwischenahn(17.11.-29.11.2003)"]
[Date "2003.??.??"]
[Round "9.40"]
[White "Zunker, Reinhard,Dr."]
[Black "Schober, Manfred"]
[Result "1/2-1/2"]
[WhiteElo "2132"]
[BlackElo "1837"]
[PlyCount "76"]


1. e4 e5 2. Nf3 Nc6 3. Bb5 f5 4. Bxc6 dxc6 5. Qe2 fxe4 6. Qxe4 Nf6 7. Qxe5+ Be7
8. Qd4 Bg4 9. Qxd8+ Rxd8 10. Ne5 Bf5 11. d3 O-O 12. O-O Nd5 13. a3 Bf6 14. Nc4
Bg6 15. Re1 Rde8 16. Rxe8 Rxe8 17. Kf1 b5 18. Ne3 Nxe3+ 19. fxe3 Rf8 20. Kg1 c5
21. Nc3 Bxc3 22. bxc3 c4 23. e4 cxd3 24. cxd3 Rd8 25. d4 Bxe4 26. Bf4 c6 27.
Re1 Re8 28. Be5 Bd5 29. Re3 Rf8 30. Bd6 Rd8 31. Bb4 Rd7 32. h4 Kf7 33. Kh2 h5
34. Kg3 Kg6 35. Re5 Rf7 36. Rg5+ Kh6 37. Bd6 Rf6 38. Bf4 Rg6 1/2-1/2

[Event "13sen.WMH 2003 Senioren"]
[Site "Bad Zwischenahn(17.11.-29.11.2003)"]
[Date "2003.??.??"]
[Round "9.41"]
[White "Delander, Adolf"]
[Black "Forselv, Edmund"]
[Result "1/2-1/2"]
[WhiteElo "2006"]
[BlackElo "1840"]
[PlyCount "53"]


1. d4 Nf6 2. Nf3 g6 3. Nbd2 d5 4. c4 c6 5. e3 Bg7 6. Be2 O-O 7. O-O Nbd7 8. b4
Re8 9. Bb2 Nf8 10. Qb3 Be6 11. c5 Ne4 12. Rfd1 h6 13. a4 Nd7 14. Qa3 Ndf6 15.
b5 Bg4 16. h3 Nxd2 17. Rxd2 Be6 18. a5 Ne4 19. Rdd1 Qc8 20. Nd2 Nxd2 21. Rxd2
Bd7 22. b6 a6 23. f4 h5 24. Bd3 Bf5 25. Re1 Bf6 26. Qc3 Bh4 27. Rf1 1/2-1/2

[Event "13sen.WMH 2003 Senioren"]
[Site "Bad Zwischenahn(17.11.-29.11.2003)"]
[Date "2003.??.??"]
[Round "9.42"]
[White "Ousatchi, Mark"]
[Black "Lotsov Har-Zahav, Avraham"]
[Result "1/2-1/2"]
[WhiteElo "2041"]
[BlackElo "2034"]
[PlyCount "39"]


1. d4 Nf6 2. c4 g6 3. Nf3 Bg7 4. Nc3 O-O 5. e4 d6 6. Be2 Na6 7. O-O e5 8. d5
Nc5 9. Nd2 a5 10. f3 Nh5 11. g3 f5 12. Nb3 b6 13. Nxc5 bxc5 14. Bd2 Bd7 15. Rc1
f4 16. g4 Nf6 17. Rf2 h5 18. h3 Nh7 19. Rh2 Nf6 20. Be1 1/2-1/2

[Event "13sen.WMH 2003 Senioren"]
[Site "Bad Zwischenahn(17.11.-29.11.2003)"]
[Date "2003.??.??"]
[Round "9.43"]
[White "Bogorad, Michail"]
[Black "Juergens, Peter"]
[Result "1/2-1/2"]
[WhiteElo "2063"]
[BlackElo "1835"]
[PlyCount "47"]


1. e4 e6 2. d3 d5 3. Nd2 Nf6 4. Qe2 Be7 5. Ngf3 c5 6. g3 O-O 7. Bg2 Nc6 8. O-O
b5 9. e5 Nd7 10. h4 a5 11. Re1 Ba6 12. c3 Rc8 13. h5 b4 14. c4 Nb6 15. b3 Qc7
16. Nf1 Bb7 17. N1h2 dxc4 18. dxc4 Rcd8 19. Bf4 Nd4 20. Nxd4 Rxd4 21. Nf3 Re4
22. Qc2 Rxe1+ 23. Rxe1 Nc8 24. Rd1 1/2-1/2

[Event "13sen.WMH 2003 Senioren"]
[Site "Bad Zwischenahn(17.11.-29.11.2003)"]
[Date "2003.??.??"]
[Round "9.44"]
[White "Werchan, Hans,Dr."]
[Black "Bleher, Walter"]
[Result "1-0"]
[WhiteElo "2022"]
[BlackElo "1935"]
[PlyCount "51"]


1. c4 Nf6 2. d4 g6 3. g3 d5 4. cxd5 Bg7 5. Bg2 Nxd5 6. e4 Nb4 7. Ne2 O-O 8. a3
N4a6 9. O-O c5 10. d5 Qb6 11. Nbc3 Rd8 12. Qc2 e6 13. Bg5 Re8 14. Rab1 exd5 15.
Nxd5 Qe6 16. b4 h6 17. Be3 cxb4 18. axb4 Qc6 19. Qd2 Qb5 20. Nd4 Qd7 21. Bxh6
Nc6 22. Bxg7 Kxg7 23. b5 Nc5 24. bxc6 bxc6 25. Qc3 cxd5 26. Nf5+ 1-0

[Event "13sen.WMH 2003 Senioren"]
[Site "Bad Zwischenahn(17.11.-29.11.2003)"]
[Date "2003.??.??"]
[Round "9.45"]
[White "Ahlberg, Guenter"]
[Black "Zotin, Vladimir"]
[Result "0-1"]
[WhiteElo "1932"]
[BlackElo "1882"]
[PlyCount "36"]


1. e4 d6 2. d4 Nf6 3. Nc3 g6 4. Bg5 Bg7 5. e5 dxe5 6. dxe5 Nfd7 7. f4 O-O 8.
Bc4 Kh8 9. Nf3 f6 10. e6 Nb6 11. Bb3 Qxd1+ 12. Rxd1 fxg5 13. Nxg5 Bxc3+ 14.
bxc3 Nc6 15. a4 Kg7 16. O-O Na5 17. Ba2 Nac4 18. Rf3 h6 0-1

[Event "13sen.WMH 2003 Senioren"]
[Site "Bad Zwischenahn(17.11.-29.11.2003)"]
[Date "2003.??.??"]
[Round "9.46"]
[White "Fanenbruck, Guenter"]
[Black "Wanner, Georges"]
[Result "0-1"]
[WhiteElo "1593"]
[BlackElo "1680"]
[PlyCount "36"]


1. e4 c5 2. Nf3 d6 3. c3 Nf6 4. h3 g6 5. Bd3 Bg7 6. Bc2 O-O 7. O-O Nc6 8. Re1
Nd7 9. d3 Nde5 10. Be3 Nxf3+ 11. Qxf3 Ne5 12. Qe2 Be6 13. Nd2 Rc8 14. a4 a5 15.
Nf1 Qd7 16. Ng3 Bxh3 17. gxh3 Qxh3 18. Qf1 Nf3# 0-1

[Event "13sen.WMH 2003 Senioren"]
[Site "Bad Zwischenahn(17.11.-29.11.2003)"]
[Date "2003.??.??"]
[Round "9.47"]
[White "Hobusch, Werner"]
[Black "Bodenstein, Joachim"]
[Result "1-0"]
[WhiteElo "1999"]
[BlackElo "1862"]
[PlyCount "76"]


1. e4 e5 2. Nf3 Nc6 3. Bb5 f5 4. Nc3 fxe4 5. Nxe4 d5 6. Nxe5 dxe4 7. Nxc6 Qg5
8. Qe2 Nf6 9. f4 Qxf4 10. Rf1 Qxh2 11. Nxa7+ c6 12. Nxc6 Bd6 13. Ne5+ Ke7 14.
d4 Qg3+ 15. Qf2 Bxe5 16. dxe5 Qxe5 17. a4 Be6 18. Qf4 Qxf4 19. Bxf4 Rhd8 20.
Rd1 Bg4 21. Rxd8 Rxd8 22. Be2 h6 23. Bd2 Bxe2 24. Kxe2 Ke6 25. Bc3 Ra8 26. a5
Rc8 27. Rc1 Rc5 28. Bd2 Ng4 29. b4 Rh5 30. c4 Rh2 31. Rg1 Ke5 32. b5 Kd4 33. a6
bxa6 34. bxa6 e3 35. a7 Rh5 36. a8=Q exd2 37. Kxd2 Re5 38. Qd8+ Kxc4 1-0

[Event "13sen.WMH 2003 Senioren"]
[Site "Bad Zwischenahn(17.11.-29.11.2003)"]
[Date "2003.??.??"]
[Round "9.48"]
[White "Eidelmann, Vova"]
[Black "Batakovs, Olegs"]
[Result "1-0"]
[WhiteElo "1930"]
[BlackElo "2123"]
[PlyCount "60"]


1. e4 c5 2. Nf3 e6 3. d4 cxd4 4. Nxd4 Nc6 5. Nc3 Qc7 6. g3 d6 7. Bg2 a6 8. O-O
Be7 9. Re1 Bd7 10. Nxc6 bxc6 11. Bf4 e5 12. Be3 Nf6 13. h3 O-O 14. Qd3 Be6 15.
Rad1 Rfd8 16. f4 Bc8 17. Na4 Rb8 18. b3 exf4 19. gxf4 Nh5 20. Qe2 Nf6 21. c4
Re8 22. Qf3 Bb7 23. Bb6 Qc8 24. Ba7 Ra8 25. Nb6 Qc7 26. Nxa8 Bxa8 27. Bf2 c5
28. Qd3 Bc6 29. Re2 Nh5 30. Bf3 g6 1-0

[Event "13sen.WMH 2003 Senioren"]
[Site "Bad Zwischenahn(17.11.-29.11.2003)"]
[Date "2003.??.??"]
[Round "9.49"]
[White "Kruek, Josef"]
[Black "Lundberg, Gunnar"]
[Result "1-0"]
[WhiteElo "1991"]
[BlackElo "1874"]
[PlyCount "41"]


1. e4 e5 2. Bc4 Nf6 3. d3 Bc5 4. Nc3 Nc6 5. f4 d6 6. Nf3 exf4 7. Bxf4 Be6 8.
Bxe6 fxe6 9. Qd2 Nd4 10. O-O-O Nxf3 11. gxf3 Qd7 12. Be3 Bxe3 13. Qxe3 b5 14.
f4 b4 15. Ne2 Qa4 16. Kb1 Rb8 17. Nd4 Kd7 18. Rhg1 g6 19. f5 exf5 20. exf5 Rhe8
21. Qf3 1-0

[Event "13sen.WMH 2003 Senioren"]
[Site "Bad Zwischenahn(17.11.-29.11.2003)"]
[Date "2003.11.29"]
[Round "9.72"]
[White "Meinhardt, Guenther"]
[Black "Fehres, Werner"]
[Result "1/2-1/2"]
[WhiteElo "1737"]
[BlackElo "1788"]
[PlyCount "38"]


1. Nf3 d6 2. c4 e5 3. Nc3 c6 4. d4 Qc7 5. e4 Be7 6. Be2 h6 7. Bd3 g5 8. h3 Nd7
9. Bd2 Ngf6 10. g4 Nf8 11. c5 Ng6 12. cxd6 Bxd6 13. Rc1 Qe7 14. d5 Bd7 15. a3
c5 16. Qc2 O-O 17. Nb5 Bxb5 18. Bxb5 a6 19. Be2 Rfc8 1/2-1/2

[Event "13sen.WMH 2003 Senioren"]
[Site "Bad Zwischenahn(17.11.-29.11.2003)"]
[Date "2003.11.29"]
[Round "9.73"]
[White "Johannsen, Ingbert"]
[Black "Molez, Karl"]
[Result "0-1"]
[WhiteElo "1957"]
[BlackElo "1885"]
[PlyCount "102"]


1. e4 c5 2. Nc3 e6 3. Nf3 a6 4. d4 cxd4 5. Nxd4 Qc7 6. Be2 Nf6 7. O-O b5 8. Bf3
Nc6 9. e5 Ng8 10. Bf4 Bb7 11. Ne4 Nxe5 12. Bxe5 Qxe5 13. Re1 Qc7 14. Nf5 d5 15.
Ng5 O-O-O 16. Nd4 e5 17. Rxe5 h6 18. Nxf7 Qxf7 19. Ne6 Nf6 20. Nxd8 Kxd8 21. c3
Bd6 22. Re1 Qc7 23. h3 Kc8 24. a4 Ne4 25. axb5 axb5 26. Qd3 Qb6 27. Re2 Bc5 28.
Rf1 Kb8 29. Bxe4 dxe4 30. Qg3+ Qc7 31. Qg6 Rf8 32. Rd1 Bc6 33. b4 Rf6 34. Qg4
Bb6 35. Rc1 Qf7 36. Rcc2 Rf4 37. Qg3 g5 38. c4 bxc4 39. Qc3 e3 40. Rxe3 Bxe3
41. Qxe3 Qc7 42. b5 Re4 43. Qc3 Bxb5 44. Rb2 Qe5 45. Qg3 Re1+ 46. Kh2 Qxg3+ 47.
Kxg3 Re5 48. f4 gxf4+ 49. Kxf4 Rc5 50. Ke3 c3 51. Rc2 Ba4 0-1

[Event "13sen.WMH 2003 Senioren"]
[Site "Bad Zwischenahn(17.11.-29.11.2003)"]
[Date "2003.11.29"]
[Round "9.74"]
[White "Frauenfelder, Rudolf"]
[Black "Oser, Thor"]
[Result "1-0"]
[WhiteElo "1926"]
[BlackElo "1722"]
[PlyCount "91"]


1. c4 g6 2. Nc3 Bg7 3. g3 e5 4. Bg2 c6 5. e4 d6 6. d3 Ne7 7. Nge2 O-O 8. O-O
Na6 9. Be3 Nc7 10. f4 exf4 11. Nxf4 Ne6 12. Qd2 Bd4 13. Bxd4 Nxd4 14. Rf2 Kg7
15. Nce2 Nxe2+ 16. Nxe2 Ng8 17. Qc3+ f6 18. Raf1 Qe7 19. h3 Bd7 20. Kh2 b6 21.
Nf4 Rab8 22. b3 Rbc8 23. Qb2 Rb8 24. d4 Rfc8 25. Rd2 Ra8 26. Rfd1 Rd8 27. Re2
Qf7 28. Rf1 g5 29. Nd3 Qg6 30. Qc2 Qf7 31. e5 dxe5 32. Nxe5 Qh5 33. Nxd7 Rxd7
34. g4 Qg6 35. Be4 Qf7 36. d5 c5 37. Bf5 Rd6 38. Rfe1 h5 39. Kg2 h4 40. Bh7 Kh8
41. Bf5 Qc7 42. Re3 Rdd8 43. Qf2 Qb8 44. a4 a5 45. R1e2 Kg7 46. Re4 1-0

[Event "13sen.WMH 2003 Senioren"]
[Site "Bad Zwischenahn(17.11.-29.11.2003)"]
[Date "2003.11.29"]
[Round "9.75"]
[White "Postel, Richard"]
[Black "Spurga, Josef"]
[Result "1/2-1/2"]
[WhiteElo "1690"]
[BlackElo "1854"]
[PlyCount "51"]


1. e4 c5 2. Nf3 d6 3. d4 cxd4 4. Nxd4 Nf6 5. Nc3 a6 6. Be2 e6 7. Be3 Be7 8. O-O
Qc7 9. Nb3 Nbd7 10. a4 b6 11. f4 Bb7 12. Bd3 Rc8 13. Qe2 Rb8 14. Nd2 Nc5 15.
Bxc5 Qxc5+ 16. Kh1 Ra8 17. Nb3 Qc7 18. Rae1 g6 19. Qd1 Rd8 20. Qe2 Qc8 21. Qe3
Qc7 22. Qe2 Ra8 23. Nd2 Qc5 24. Nb3 Qc7 25. Nd2 Qc5 26. Nb3 1/2-1/2

[Event "13sen.WMH 2003 Senioren"]
[Site "Bad Zwischenahn(17.11.-29.11.2003)"]
[Date "2003.11.29"]
[Round "9.76"]
[White "Hirsch, Adolf,jr.[40AUT]"]
[Black "Marquardt, Rolf"]
[Result "1-0"]
[WhiteElo "2042"]
[BlackElo "1774"]
[PlyCount "31"]


1. Nf3 d5 2. g3 Bf5 3. c4 dxc4 4. Bg2 c6 5. Na3 Nd7 6. Nxc4 e6 7. O-O Ngf6 8.
d3 h6 9. Bf4 Be7 10. Nd6+ Bxd6 11. Bxd6 Qb6 12. Nd2 e5 13. Nc4 Qd4 14. Ba3 Nc5
15. e3 Qxd3 16. Nd6+ 1-0

[Event "13sen.WMH 2003 Senioren"]
[Site "Bad Zwischenahn(17.11.-29.11.2003)"]
[Date "2003.11.29"]
[Round "9.77"]
[White "Haug, Sverre"]
[Black "Ragsch, Klaus"]
[Result "1/2-1/2"]
[WhiteElo "1856"]
[BlackElo "1873"]
[PlyCount "84"]


1. Nf3 d5 2. d4 Nf6 3. c4 e6 4. Nc3 c6 5. Bg5 Be7 6. e3 O-O 7. Rc1 Nbd7 8. Bd3
a6 9. Bxf6 Nxf6 10. Ne5 dxc4 11. Nxc4 Nd5 12. O-O Nxc3 13. Rxc3 Bf6 14. Rb3 Rb8
15. Nd2 g6 16. Bxa6 e5 17. dxe5 Bxe5 18. Be2 Qc7 19. Nf3 Bf6 20. Qc2 Re8 21.
Nd2 Qe7 22. Bf3 Bf5 23. e4 Be6 24. Ra3 Rbd8 25. Nb3 Be5 26. Nc5 Bc8 27. Rd3 Bc7
28. Rfd1 Rxd3 29. Rxd3 Qh4 30. g3 Qf6 31. Bg2 Qe7 32. Rd1 Bb6 33. Na4 Ba7 34.
Nc3 Be6 35. Qe2 Qb4 36. a3 Qa5 37. h3 Qe5 38. Kh2 Bb3 39. Rd7 Re7 40. Rd8+ Kg7
41. Qf3 Bc4 42. Nd1 Bb6 1/2-1/2

[Event "13sen.WMH 2003 Senioren"]
[Site "Bad Zwischenahn(17.11.-29.11.2003)"]
[Date "2003.11.29"]
[Round "9.78"]
[White "Jahr, Dieter,Dr."]
[Black "Haupt, Joachim"]
[Result "1-0"]
[WhiteElo "1895"]
[BlackElo "1755"]
[PlyCount "55"]


1. c4 c5 2. Nc3 Nc6 3. e4 d6 4. d3 g6 5. f4 Bg7 6. Nf3 Bg4 7. Be2 Nf6 8. O-O
O-O 9. h3 Bxf3 10. Bxf3 Nd4 11. e5 Nxf3+ 12. Qxf3 dxe5 13. fxe5 Nh5 14. g4 Qd4+
15. Kh1 Bxe5 16. gxh5 e6 17. Bh6 Bg7 18. Bxg7 Kxg7 19. h6+ Kxh6 20. Qxb7 Qxd3
21. Rf3 Qxc4 22. Rxf7 Rxf7 23. Qxf7 Rd8 24. Re1 Rd3 25. Qf8+ Kh5 26. Re5+ g5
27. Qf7+ Kh4 28. Re4+ 1-0

[Event "13sen.WMH 2003 Senioren"]
[Site "Bad Zwischenahn(17.11.-29.11.2003)"]
[Date "2003.11.29"]
[Round "9.79"]
[White "Simon, Eberhard[30Berlin]"]
[Black "Plassmann, Florenz"]
[Result "0-1"]
[WhiteElo "1773"]
[BlackElo "1862"]
[PlyCount "94"]


1. e4 e5 2. Nf3 Nc6 3. Bb5 Nf6 4. O-O Nxe4 5. Re1 Nd6 6. Ba4 Be7 7. c3 e4 8.
Bxc6 dxc6 9. Nd4 O-O 10. f3 exf3 11. Nxf3 Re8 12. d4 Bg4 13. Bf4 Bf6 14. Nbd2
b6 15. Rxe8+ Qxe8 16. Qe1 Qxe1+ 17. Rxe1 Be6 18. a3 h6 19. Ne5 Bxe5 20. Bxe5
Re8 21. Bg3 Kf8 22. h3 Bd5 23. Rxe8+ Kxe8 24. Kf2 Kd7 25. Bh2 a5 26. g4 a4 27.
h4 g5 28. hxg5 hxg5 29. Be5 Ke6 30. Bg3 f6 31. Ke2 b5 32. Kf2 Kd7 33. Ke2 Nf7
34. Nf3 Bxf3+ 35. Kxf3 Nd6 36. Bh2 Ke6 37. Bg3 Kd5 38. Bh2 Kc4 39. Ke3 Kb3 40.
Kd2 Kxb2 41. Bg3 Kxa3 42. Kc2 b4 43. cxb4 Kxb4 44. Be1+ Kc4 45. Bc3 Nb5 46. Ba1
Nxd4+ 47. Kd1 Kd3 0-1

[Event "13sen.WMH 2003 Senioren"]
[Site "Bad Zwischenahn(17.11.-29.11.2003)"]
[Date "2003.11.29"]
[Round "9.80"]
[White "Lundgren, Bernt"]
[Black "Roth, Reinhard"]
[Result "1-0"]
[WhiteElo "2066"]
[BlackElo "1827"]
[PlyCount "71"]


1. d4 d5 2. Nf3 Nf6 3. c4 c6 4. Qc2 Bg4 5. Ne5 Bh5 6. cxd5 Nxd5 7. a3 e6 8. e4
Nb6 9. Be3 f6 10. Nd3 Be7 11. Nf4 Bf7 12. Bd3 N8d7 13. Nd2 e5 14. Ne2 O-O 15.
O-O Rc8 16. Ng3 exd4 17. Bxd4 c5 18. Bc3 Bd6 19. Nf5 Bb8 20. Rad1 Ne5 21. Be2
Qc7 22. f4 Nc6 23. Qd3 Be6 24. Bg4 Bxf5 25. Bxf5 Rce8 26. Qh3 g6 27. Be6+ Kh8
28. Nc4 Nxc4 29. Rd7 Re7 30. Rxe7 Qxe7 31. Bxc4 Nd4 32. Rd1 b5 33. Bxd4 bxc4
34. Bc3 Qg7 35. g3 Kg8 36. Rd7 1-0

[Event "13sen.WMH 2003 Senioren"]
[Site "Bad Zwischenahn(17.11.-29.11.2003)"]
[Date "2003.11.29"]
[Round "9.81"]
[White "Schueler, Wolfgang[36Lichtb]"]
[Black "Barlo, Werner"]
[Result "1-0"]
[WhiteElo "1937"]
[BlackElo "1735"]
[PlyCount "85"]


1. e4 c5 2. Nc3 a6 3. g3 d6 4. Bg2 Nc6 5. d3 Nf6 6. f4 e5 7. Nf3 Bg4 8. h3 Bxf3
9. Qxf3 Nd4 10. Qf2 b5 11. O-O b4 12. Nd1 Be7 13. g4 O-O 14. c3 Nb5 15. f5 bxc3
16. bxc3 Nd7 17. a4 Bh4 18. Qc2 Na7 19. Ne3 Bg5 20. Nd5 Bxc1 21. Qxc1 Nb6 22.
g5 Nc6 23. f6 g6 24. Qe1 Nxd5 25. exd5 Na5 26. Qh4 h5 27. Bf3 Kh7 28. Bxh5 Rh8
29. Bg4+ Kg8 30. Qf2 Rb8 31. Rfb1 Nb3 32. Ra2 Qc7 33. Rab2 c4 34. Kh2 Rc8 35.
Bxc8 Qxc8 36. Qg3 Rh5 37. dxc4 Qxc4 38. Rxb3 Qxd5 39. Rb8+ Kh7 40. R8b4 Qd2+
41. Kg1 Rxg5 42. Rh4+ Rh5 43. Rxh5+ 1-0

[Event "13sen.WMH 2003 Senioren"]
[Site "Bad Zwischenahn(17.11.-29.11.2003)"]
[Date "2003.11.29"]
[Round "9.82"]
[White "Wolffram, Gert"]
[Black "Zschorsch, Peter"]
[Result "1/2-1/2"]
[WhiteElo "1794"]
[BlackElo "1837"]
[PlyCount "39"]


1. d4 Nf6 2. Nf3 g6 3. g3 Bg7 4. Bg2 O-O 5. O-O d6 6. c4 c5 7. Nc3 Nc6 8. d5
Nb8 9. e4 Nbd7 10. Rb1 Ng4 11. h3 Nge5 12. Nxe5 Nxe5 13. Qe2 f5 14. f4 Nf7 15.
Bd2 Rb8 16. Rbe1 Re8 17. Kh2 e5 18. dxe6 Bxe6 19. b3 Qd7 20. exf5 1/2-1/2

[Event "13sen.WMH 2003 Senioren"]
[Site "Bad Zwischenahn(17.11.-29.11.2003)"]
[Date "2003.11.29"]
[Round "9.83"]
[White "Jakoby, Hans"]
[Black "Mayers_Lorien, Dan E."]
[Result "1-0"]
[WhiteElo "1785"]
[BlackElo "1997"]
[PlyCount "51"]


1. d4 e6 2. c4 b6 3. Nf3 Bb7 4. e3 f5 5. Be2 Nf6 6. O-O d6 7. Nc3 Nbd7 8. Ng5
Qe7 9. Nb5 Nb8 10. Nxe6 c6 11. Nbc7+ Kd7 12. Qa4 Ne8 13. Nxa8 Ba6 14. Nxf8+
Rxf8 15. d5 Rf6 16. dxc6+ Kc8 17. c7 Nxc7 18. Nxc7 Kxc7 19. Bf3 Rh6 20. g3 g5
21. b4 g4 22. e4 Rh5 23. b5 Bb7 24. Qxa7 gxf3 25. exf5 d5 26. Bf4+ 1-0

[Event "13sen.WMH 2003 Senioren"]
[Site "Bad Zwischenahn(17.11.-29.11.2003)"]
[Date "2003.11.29"]
[Round "9.84"]
[White "Neumann, Horst[38Koblenz]"]
[Black "Bosbach, Manfred"]
[Result "1/2-1/2"]
[WhiteElo "1864"]
[BlackElo "1766"]
[PlyCount "62"]


1. d4 Nf6 2. Nf3 b6 3. Bg5 e6 4. Nbd2 Be7 5. e4 d5 6. e5 Nfd7 7. Be3 c5 8. c3
Ba6 9. Qa4 Bxf1 10. Nxf1 O-O 11. Ng3 Qe8 12. Qc2 Nc6 13. O-O Rc8 14. Qe2 c4 15.
Rae1 b5 16. a3 a5 17. Ng5 h6 18. Nh3 b4 19. axb4 axb4 20. Qg4 f5 21. exf6 Rxf6
22. Nf4 bxc3 23. bxc3 Qf7 24. Nxd5 Rg6 25. Nxe7+ Nxe7 26. Qf4 Nf6 27. Ne4 Ned5
28. Nxf6+ Rxf6 29. Qd6 Nxc3 30. Qa6 Qd7 31. Qa1 Nd5 1/2-1/2